Southville International School and Colleges
Your cart is empty.
  • Cart
  • Lists
    Public lists Eva Luna New books Lux_list list_1
    Your lists Log in to create your own lists
  • Log in to your account
  • Your cookies
  • Search history
Southville International School and Colleges
  • Advanced search
  • Recent comments
  • Most popular
  • Libraries

Log in to your account

Log in with GOOGLE


If you do not have an external account, but do have a local account, you can still log in:

  1. Home
  2. MARC view: Between daylight and Boonville
Normal view MARC view ISBD view

Between daylight and Boonville (Record no. 15316)

[ view plain ]
MARC details
000 -LEADER
fixed length control field 00860nam a2200289 a 4500
001 - CONTROL NUMBER
control field 3309561
003 - CONTROL NUMBER IDENTIFIER
control field OSt
005 - DATE AND TIME OF LATEST TRANSACTION
control field 20140310182719.0
008 - FIXED-LENGTH DATA ELEMENTS--GENERAL INFORMATION
fixed length control field 831207s1983 nyu 000 0 eng
010 ## - LIBRARY OF CONGRESS CONTROL NUMBER
LC control number 83237176
020 ## - INTERNATIONAL STANDARD BOOK NUMBER
International Standard Book Number 0573619018 (pbk.)
040 ## - CATALOGING SOURCE
Original cataloging agency DLC
Transcribing agency DLC
Modifying agency DLC
050 00 - LIBRARY OF CONGRESS CALL NUMBER
Classification number PS 3573
Item number .W721 1983
082 00 - DEWEY DECIMAL CLASSIFICATION NUMBER
Classification number M 812.54
Item number W67 1983
100 1# - MAIN ENTRY--PERSONAL NAME
Personal name Williams, Matt.
245 10 - TITLE STATEMENT
Title Between daylight and Boonville
Statement of responsibility, etc Williams, Matt
260 ## - PUBLICATION, DISTRIBUTION, ETC. (IMPRINT)
Place of publication, distribution, etc New York :
Name of publisher, distributor, etc S. French,
Date of publication, distribution, etc c1983.
300 ## - PHYSICAL DESCRIPTION
Extent 96 p. ;
Dimensions 18 cm.
521 ## - TARGET AUDIENCE NOTE
Target audience note
526 ## - STUDY PROGRAM INFORMATION NOTE
Reading level 0L to 1700L
541 ## - IMMEDIATE SOURCE OF ACQUISITION NOTE
-- 1
541 ## - IMMEDIATE SOURCE OF ACQUISITION NOTE
-- 1
541 ## - IMMEDIATE SOURCE OF ACQUISITION NOTE
-- 1
562 ## - COPY AND VERSION IDENTIFICATION NOTE
Number of copies for circulation. 3 copies available in the collection
906 ## - LOCAL DATA ELEMENT F, LDF (RLIN)
a 7
b cbc
c orignew
d 2
e ncip
f 19
g y-gencatlg
942 ## - ADDED ENTRY ELEMENTS (KOHA)
Source of classification or shelving scheme Library of Congress Classification
Koha item type Books
Call number prefix
Holdings
Withdrawn status Lost status Source of classification or shelving scheme Damaged status Home library Current library Shelving location Date acquired Total Checkouts Full call number Barcode Date last seen Copy number Price effective from Koha item type Source of acquisition
    Library of Congress Classification   Archives Archives   06/08/2013   PS 3573 .W721 1983 C2151 05/15/2018 2 06/08/2013 Books Donation
    Library of Congress Classification   College Library College Library General Circulation Section 04/20/2012   PS 3573 .W721 1983 C1551 05/15/2018 1 04/20/2012 Books  
    Library of Congress Classification   College Library College Library General Circulation Section 06/08/2013   PS 3573 .W721 1983 c2154 05/15/2018 3 06/08/2013 Books  

Between daylight and Boonville

APA

Williams M., . (1983). Between daylight and Boonville. New York: S. French.

Chicago

Williams Matt, . 1983. Between daylight and Boonville. New York: S. French.

Harvard

Williams M., . (1983). Between daylight and Boonville. New York: S. French.

MLA

Williams Matt, . Between daylight and Boonville. New York: S. French. 1983.

  • Place hold
  • Print
  • Cite
  • Add to your cart (remove)
  • Save record
    BIBTEX Dublin Core MARCXML MARC (non-Unicode/MARC-8) MARC (Unicode/UTF-8) MARC (Unicode/UTF-8, Standard) MODS (XML) RIS
  • More searches
    Search for this title in:
    Other Libraries (WorldCat) Other Databases (Google Scholar) Online Stores (Bookfinder.com) Open Library (openlibrary.org)

Exporting to Dublin Core...

SOUTHVILLE LIBRARY

Southville International School and Colleges Library

1281 Tropical Ave. Cor. Luxembourg St., BF Homes International, Las Pinas City

Tel. No. 8256374 / 252358 Loc. 117/146

Powered by Koha